| 000 | 00531nam a22001817a 4500 | ||
|---|---|---|---|
| 003 | NUST - PNEC | ||
| 005 | 20170116180748.0 | ||
| 008 | 150224b xxu||||| |||| 00| 0 eng d | ||
| 022 | _a9960897265 | ||
| 040 | _cLIBRARY | ||
| 082 | _a297.926 GHI | ||
| 100 |
_91473 _aGhadanfar Mahmood Ahmed |
||
| 245 |
_aCommanders of the Muslim Army : Among the Companions of the prophet _cMahmood Ahmed Ghadanfar |
||
| 260 |
_aDarussalam _bRiyadh' Saudi Arabia _cc2001 |
||
| 300 | _a392 p. : | ||
| 650 |
_91474 _aIslam _xMIS |
||
| 942 |
_2ddc _cBK |
||
| 999 |
_c62427 _d62427 |
||